Airbus Aircraft (Models in operations) - Statistics

General Stats
  • This quiz has been taken 74 times
  • The average score is 13 of 24
Answer Stats
Answer % Correct
A330-300
80%
A350-900
79%
A320neo
77%
A330-200
77%
A350-1000
77%
A380-800
77%
A318
73%
A340-600
71%
A330-900
66%
A321neo
64%
A340-500
64%
A330-800
63%
A340-300
63%
A319neo
59%
A340-200
57%
A220-100
54%
A220-300
48%
A300-600
45%
A321XLR
34%
A310-300
30%
A321LR
25%
A350-900ULR
23%
A300B2
14%
A300B1
11%
No matching quizzes found
Score Distribution
Percent of People with Each Score
Percentile by Number Answered
Your Score History
You have not taken this quiz